| 000 | 00781 a2200193 4500 | ||
|---|---|---|---|
| 001 | 142011 | ||
| 040 | _cLeonardo Da Vinci | ||
| 041 | _aPortuguês | ||
| 082 |
_ar920 M922m _bM922m |
||
| 245 | _aMULHERES imortais | ||
| 250 | _av.1 | ||
| 260 |
_bMelhoramentos _c1970 _aSão Paulo |
||
| 300 | _a224 | ||
| 362 | _a19700000 | ||
| 490 | _aMulheres imortais | ||
| 500 | _aObra em 3 volumes | ||
| 697 |
_aReferência _aCuriosidades _aBiografia _aMulheres _aElisabete da Áustria _aJosefina Beauharnais _aHarriet Beecher Stowe _aBetina Brentano _aPaulina Borghese _aCatarina de Médicis _aSarah Bernhardt _aLucrécia Bórgia _aFrancisca Cabrini _aCatarina da Rússia _aCatarina de Siena _aIrmãs Brontë _aMessalina _aCarlota Corday _aMata Hari _aVitória Colonna _aCristina da Suécia |
||
| 942 | _cBK | ||
| 999 |
_c142011 _d142011 |
||